| 000 | 00449nam a22001337a 4500 | ||
|---|---|---|---|
| 020 | _a 9787508542782 | ||
| 040 | _cNUST | ||
| 082 |
_a330.951 _bXUE 2019 |
||
| 100 |
_a Xueqin Hu _983172 |
||
| 245 |
_aAn oral history of the development of a well-off China. I have faith in China/ _cHu Xueqin ; Zhongwu Luo |
||
| 260 |
_aBeijing Shi : _bChina Intercontinental Press, _c 2019. |
||
| 300 | _a3, 2, 320 pages : illustrations ; 25 cm | ||
| 942 |
_2ddc _cBK |
||
| 999 |
_c588795 _d588795 |
||